| 000 | 00610nam a22002177a 4500 | ||
|---|---|---|---|
| 001 | 37229 | ||
| 003 | BD-RjUL | ||
| 005 | 20211209052606.0 | ||
| 008 | 141116s1998 ii ||||| |||| 00| 0 eng d | ||
| 020 | _a8187167068 | ||
| 035 | _a(BD-RjUL)37331 | ||
| 040 |
_aBD-RjUL _beng _cBD-RjUL |
||
| 041 | _aeng | ||
| 082 | _a628.161 | ||
| 100 |
_aSaxena, M.M. _9114039 |
||
| 245 |
_aEnvironmental analysis : _b water, soil and air / _c M M Saxena |
||
| 260 |
_aBikaner, India : _b Argo Botanical Publishers, _c1998. |
||
| 300 |
_a184 p. : _bill. ; _c23 cm. |
||
| 650 |
_aWater _x Analysis. _9114040 |
||
| 942 |
_2ddc _cBK |
||
| 999 |
_c37229 _d37229 |
||